[Event "Mittelfranken-chT2b 1617"]
[Site "Mittelfranken"]
[Date "2017.03.26"]
[Round "8.8"]
[White "Wawor, Gerhard"]
[Black "Kirchner, Norbert"]
[Result "1-0"]
[WhiteElo "1910"]
[BlackElo "1948"]
[PlyCount "81"]
[EventDate "2016.10.23"]
[EventType "team-tourn"]
[EventRounds "9"]
[EventCountry "GER"]
[SourceTitle "EXT 2022"]
[Source "ChessBase"]
[SourceDate "2021.10.06"]
[SourceVersion "1"]
[SourceVersionDate "2021.10.06"]
[SourceQuality "1"]
[WhiteTeam "Nuernberg SK 1911 II"]
[BlackTeam "Heideck/Hilpoltstein"]
[WhiteTeamCountry "GER"]
[BlackTeamCountry "GER"]

1. d4 d5 2. c4 c6 3. cxd5 cxd5 4. Nc3 Nf6 5. Bf4 Nc6 6. e3 a6 7. Bd3 Qb6 8. Qd2 Nb4 9. Bb1 Bd7 10. Nge2 e6 11. 0-0 Bd6 12. Bg3 Rc8 13. a3 Bxg3 14. hxg3 Nc6 15. b4 Na7 16. Bd3 0-0 17. f3 Rfe8 18. f4 Rc7 19. Rfc1 Rec8 20. Rc2 Nb5 21. Na4 Rxc2 22. Bxc2 Qc6 23. Rc1 Qd6 24. Bd3 Rxc1+ 25. Qxc1 Qc6 26. Nc5 Be8 27. a4 Nd6 28. a5 Ng4 29. Nc3 h6 30. Be2 Nf6 31. Qe1 Kf8 32. Kh2 Ke7 33. g4 g6 34. Qh4 g5 35. Qxh6 gxf4 36. exf4 b6 37. axb6 Qxb6 38. g5 Nfe4 39. N5xe4 Nxe4 40. Nxd5+ exd5 41. Qxb6 1-0

[Event "Mittelfranken-ch QT"]
[Site "Nuremberg"]
[Date "2016.03.25"]
[Round "6"]
[White "Petrashov, Alexander"]
[Black "Wawor, Gerhard"]
[Result "1-0"]
[WhiteElo "1727"]
[BlackElo "1940"]
[PlyCount "41"]
[EventDate "2016.03.23"]
[EventType "swiss"]
[EventRounds "7"]
[EventCountry "GER"]
[SourceTitle "EXT 2018"]
[Source "ChessBase"]
[SourceDate "2017.10.13"]
[SourceVersion "1"]
[SourceVersionDate "2017.10.13"]
[SourceQuality "1"]

1. d4 e6 2. c4 Bb4+ 3. Bd2 a5 4. e3 Nf6 5. Nc3 0-0 6. Nf3 d6 7. Bd3 Nc6 8. Qc2 e5 9. a3 Bxc3 10. Bxc3 Qe7 11. d5 Nb8 12. 0-0 a4 13. Nd2 Nbd7 14. f4 exf4 15. exf4 Qe3+ 16. Kh1 Ng4 17. Bxh7+ Kh8 18. Ne4 f5 19. Ng5 Ndf6 20. Rf3 Qb6 21. Bxf5 1-0

[Event "Mittelfranken-ch QT"]
[Site "Nuremberg"]
[Date "2016.03.25"]
[Round "5"]
[White "Wawor, Gerhard"]
[Black "Konsek, Peter"]
[Result "1-0"]
[WhiteElo "1940"]
[BlackElo "2085"]
[PlyCount "73"]
[EventDate "2016.03.23"]
[EventType "swiss"]
[EventRounds "7"]
[EventCountry "GER"]
[SourceTitle "EXT 2018"]
[Source "ChessBase"]
[SourceDate "2017.10.13"]
[SourceVersion "1"]
[SourceVersionDate "2017.10.13"]
[SourceQuality "1"]

1. d4 f5 2. Bg5 g6 3. Nc3 Bg7 4. h4 h6 5. Bf4 Nf6 6. e3 d6 7. Qf3 c6 8. Qg3 Kf7 9. Bc4+ d5 10. Be2 Nbd7 11. Nh3 b5 12. Bc7 Qg8 13. f3 Nf8 14. 0-0-0 Ne6 15. Be5 a5 16. Bd3 Nh5 17. Qh2 Bxe5 18. dxe5 Nc5 19. Be2 b4 20. Nxd5 cxd5 21. Rxd5 Ne6 22. g4 Nhg7 23. h5 gxh5 24. gxf5 Nxf5 25. Rg1 Ng5 26. f4 Nxe3 27. Bxh5+ Kg7 28. Rd3 Bxh3 29. fxg5 Qc4 30. gxh6+ Kf8 31. Rxe3 Bf5 32. Bd1 Rd8 33. Rf3 e6 34. Qg2 Ke8 35. Rf2 Qxa2 36. Bh5+ Kd7 37. Qb7# 1-0

[Event "Mittelfranken-ch QT"]
[Site "Nuremberg"]
[Date "2016.03.23"]
[Round "2"]
[White "Wawor, Gerhard"]
[Black "Faralisz, Patrick"]
[Result "1-0"]
[WhiteElo "1940"]
[BlackElo "1675"]
[PlyCount "59"]
[EventDate "2016.03.23"]
[EventType "swiss"]
[EventRounds "7"]
[EventCountry "GER"]
[SourceTitle "EXT 2018"]
[Source "ChessBase"]
[SourceDate "2017.10.13"]
[SourceVersion "1"]
[SourceVersionDate "2017.10.13"]
[SourceQuality "1"]

1. d4 d5 2. c4 c6 3. cxd5 cxd5 4. Nc3 Nf6 5. Bf4 Nc6 6. e3 Bf5 7. Qb3 Na5 8. Qa4+ Bd7 9. Qc2 a6 10. Bd3 e6 11. Nf3 Be7 12. 0-0 0-0 13. h3 Qb6 14. Ne5 Rfd8 15. g4 g6 16. Bg5 Be8 17. f4 Rac8 18. Qe2 Qd6 19. f5 exf5 20. Bf4 Qb4 21. gxf5 Nc4 22. Bxc4 dxc4 23. fxg6 hxg6 24. a3 Qb6 25. Rf3 Qe6 26. Raf1 Kg7 27. Qf2 Bc6 28. Nxc6 Rxc6 29. Be5 Rb6 30. Ne4 1-0

[Event "Mittelfranken Mitte-ch"]
[Site "Zirndorf"]
[Date "2016.01.03"]
[Round "3"]
[White "Albayrak, Aylin"]
[Black "Wawor, Gerhard"]
[Result "0-1"]
[WhiteElo "1646"]
[BlackElo "1893"]
[PlyCount "140"]
[EventDate "2016.01.03"]
[EventType "swiss"]
[EventRounds "7"]
[EventCountry "GER"]
[SourceTitle "EXT 2018"]
[Source "ChessBase"]
[SourceDate "2017.10.13"]
[SourceVersion "1"]
[SourceVersionDate "2017.10.13"]
[SourceQuality "1"]

1. d4 e6 2. c4 Bb4+ 3. Nc3 Nf6 4. Bg5 c5 5. d5 Bxc3+ 6. bxc3 d6 7. Nf3 e5 8. h3 Nbd7 9. e3 Qa5 10. Qc2 h6 11. Bh4 g5 12. Bg3 Ne4 13. Rc1 f5 14. Bh2 Ndf6 15. Bd3 Bd7 16. 0-0 Ke7 17. Ne1 b5 18. f3 bxc4 19. Bxc4 Ba4 20. Bb3 Bxb3 21. axb3 Nxd5 22. fxe4 Nxe3 23. Qd3 Nxf1 24. Kxf1 fxe4 25. Qxe4 Qa3 26. Rb1 Rab8 27. Qc2 Rhf8+ 28. Nf3 Rf6 29. Ke2 Qa6+ 30. c4 Qb7 31. Ke3 a5 32. Qh7+ Ke6 33. Qxb7 Rxb7 34. Bg3 a4 35. Nd2 a3 36. Ra1 Ra7 37. Kd3 Rf8 38. Ra2 h5 39. Ne4 Rg8 40. Bf2 g4 41. h4 Rb8 42. Kc3 Rf8 43. b4 cxb4+ 44. Kxb4 Rb8+ 45. Kc3 Ra6 46. Be3 Ra4 47. Bc1 Rc8 48. Nd2 d5 49. Kb3 Ra6 50. cxd5+ Kxd5 51. Bxa3 Rb6+ 52. Bb4 Kd4 53. Ra5 Rcb8 54. Ra4 e4 55. Nc4 R6b7 56. Na5 Rxb4+ 57. Rxb4+ Rxb4+ 58. Kxb4 e3 59. Nb3+ Kd3 60. Nc5+ Kc2 61. Kc4 e2 62. Nd3 Kd2 63. Kd4 e1Q 64. Nxe1 Kxe1 65. Ke3 Kf1 66. g3 Kg2 67. Kf4 Kh3 68. Kg5 Kxg3 69. Kxh5 Kf3 70. Kg5 g3 0-1

[Event "Forchheim op-B 13th"]
[Site "Forchheim"]
[Date "2014.10.04"]
[Round "4"]
[White "Schoene, Steffen"]
[Black "Wawor, Gerhard"]
[Result "0-1"]
[WhiteElo "1723"]
[BlackElo "1908"]
[PlyCount "112"]
[EventDate "2014.10.03"]
[EventType "swiss"]
[EventRounds "5"]
[EventCountry "GER"]
[SourceTitle "EXT 2019"]
[Source "ChessBase"]
[SourceDate "2018.10.10"]
[SourceVersion "1"]
[SourceVersionDate "2018.10.10"]
[SourceQuality "1"]

1. d4 e6 2. c4 Bb4+ 3. Nc3 Nf6 4. a3 Bxc3+ 5. bxc3 0-0 6. f3 d6 7. e4 e5 8. Ne2 b6 9. Ng3 Nc6 10. Bg5 h6 11. Be3 Ba6 12. Bd3 Qd7 13. Nf1 Rae8 14. Qe2 Kh8 15. g4 Ng8 16. h4 Na5 17. Nd2 c6 18. d5 Bc8 19. Kf2 g6 20. h5 g5 21. Nf1 Qc7 22. Ng3 Ne7 23. Qd2 Nb3 24. Qb2 Nxa1 25. Qxa1 f6 26. a4 Ba6 27. Qf1 Rc8 28. Bd2 cxd5 29. cxd5 Bxd3 30. Qxd3 Qc5+ 31. Kg2 Qa3 32. Qc2 Rc4 33. Rb1 Rfc8 34. Nf1 Qxa4 35. Qd3 Qa2 36. Kg3 Ra4 37. Ne3 Ra3 38. Be1 Rb3 39. Rxb3 Qxb3 40. Qa6 Rc7 41. Kf2 Nc8 42. Ke2 b5 43. Nf5 Qc4+ 44. Kf2 Qc5+ 45. Kg2 Kh7 46. Bf2 Qxc3 47. Nxd6 Nb6 48. Ne8 Rf7 49. Bxb6 axb6 50. Qxb6 b4 51. Nxf6+ Kg7 52. Ne8+ Kf8 53. Qd8 Qxf3+ 54. Kh2 Qf2+ 55. Kh1 Qf1+ 56. Kh2 Rf2+ 0-1

[Event "Forchheim op-B 13th"]
[Site "Forchheim"]
[Date "2014.10.03"]
[Round "2"]
[White "Koelbl, Wolfgang"]
[Black "Wawor, Gerhard"]
[Result "1-0"]
[WhiteElo "1876"]
[BlackElo "1908"]
[PlyCount "85"]
[EventDate "2014.10.03"]
[EventType "swiss"]
[EventRounds "5"]
[EventCountry "GER"]
[SourceTitle "EXT 2019"]
[Source "ChessBase"]
[SourceDate "2018.10.10"]
[SourceVersion "1"]
[SourceVersionDate "2018.10.10"]
[SourceQuality "1"]

1. d4 e6 2. Nf3 Nf6 3. Bg5 h6 4. Bf4 c5 5. e3 Nh5 6. Bg3 Nc6 7. c3 b6 8. Bd3 Nxg3 9. hxg3 Bb7 10. Nbd2 cxd4 11. exd4 d6 12. g4 Be7 13. Ne4 Qd7 14. a4 0-0-0 15. b4 e5 16. d5 Nb8 17. Nf6 Qc7 18. Bf5+ Nd7 19. Nxd7 Rxd7 20. c4 g6 21. Bxd7+ Kxd7 22. Rc1 a5 23. bxa5 bxa5 24. 0-0 h5 25. gxh5 Rxh5 26. Re1 Qc5 27. Qd2 f5 28. Qe3 Qxe3 29. fxe3 g5 30. Rb1 Kc8 31. Rb6 g4 32. Nd2 Rh7 33. Reb1 Bg5 34. Kf2 Rd7 35. Nb3 Bd8 36. Nxa5 Bxb6 37. Rxb6 Ba8 38. Kg3 Ra7 39. Rb5 Bb7 40. Nxb7 Rxb7 41. Rxb7 Kxb7 42. Kh4 Kb6 43. Kg5 1-0

[Event "Mittelfranken-chTB2a 1213"]
[Site "Germany"]
[Date "2012.10.07"]
[Round "6.8"]
[White "Schiefer, Peter"]
[Black "Wawor, Gerhard"]
[Result "1-0"]
[WhiteElo "1663"]
[BlackElo "1894"]
[PlyCount "101"]
[EventDate "2012.10.07"]
[EventType "team-tourn"]
[EventRounds "9"]
[EventCountry "GER"]
[SourceTitle "EXT 2019"]
[Source "ChessBase"]
[SourceDate "2018.10.10"]
[SourceVersion "1"]
[SourceVersionDate "2018.10.10"]
[SourceQuality "1"]
[WhiteTeam "Heilsbronn"]
[BlackTeam "Nuernberg SK 1911 II"]
[WhiteTeamCountry "GER"]
[BlackTeamCountry "GER"]

1. d4 e6 2. Nf3 Nf6 3. c4 Bb4+ 4. Bd2 Qe7 5. a3 Bxd2+ 6. Nbxd2 d6 7. e3 0-0 8. Be2 a5 9. 0-0 Nc6 10. Ne1 e5 11. d5 Nb8 12. e4 Na6 13. Nd3 Bd7 14. f3 a4 15. b4 axb3 16. Qxb3 Rfb8 17. a4 b6 18. Qc3 Ra7 19. Rfb1 g6 20. a5 b5 21. cxb5 Bxb5 22. Nxe5 Qxe5 23. Qxe5 dxe5 24. Rxb5 Nd7 25. Rab1 Rba8 26. Rb7 Nac5 27. Rxa7 Rxa7 28. Rb5 Kf8 29. Bd1 Ke7 30. Kf1 Nb7 31. Nc4 Nd6 32. Nxd6 Kxd6 33. Be2 Nc5 34. Bc4 f5 35. exf5 gxf5 36. Ke2 Nb7 37. a6 Nc5 38. Ra5 c6 39. dxc6 Kxc6 40. g3 h6 41. h3 f4 42. g4 Kb6 43. Rb5+ Kc6 44. h4 Re7 45. Rb8 e4 46. Bb5+ Kd6 47. Rd8+ Ke5 48. fxe4 Ne6 49. Re8 Rxe8 50. Bxe8 Nc7 51. a7 1-0

[Event "Bad Woerishofen op 17th"]
[Site "Bad Woerishofen"]
[Date "2001.??.??"]
[Round "5"]
[White "Wawor, Gerhard"]
[Black "Emami, Madjid"]
[Result "0-1"]
[WhiteElo "1887"]
[BlackElo "2140"]
[PlyCount "104"]
[EventDate "2001.03.15"]
[EventType "swiss"]
[EventRounds "9"]
[EventCountry "GER"]
[SourceTitle "CBM 081 Extra"]
[Source "ChessBase"]
[SourceDate "2001.05.06"]
[SourceVersion "1"]
[SourceVersionDate "2001.05.06"]
[SourceQuality "1"]

1. d4 g6 2. c4 Bg7 3. e4 d6 4. Be3 Nd7 5. Qd2 c6 6. Bd3 e5 7. Ne2 Ngf6 8. d5 Ng4 9. Bg5 f6 10. Bh4 0-0 11. h3 Nh6 12. g4 Nf7 13. Nec3 Bh6 14. Qc2 Bf4 15. f3 Qb6 16. Nd1 Kg7 17. Bf2 c5 18. Nbc3 Rh8 19. Ne3 Qd8 20. h4 Nb6 21. Ke2 Bd7 22. Rag1 h6 23. Kd1 Qe7 24. b3 Rhb8 25. Ng2 Nc8 26. a4 a6 27. Ne2 g5 28. hxg5 fxg5 29. Be1 Qf6 30. Bc3 b5 31. a5 bxc4 32. Bxc4 Bb5 33. Rh5 Ne7 34. Nexf4 gxf4 35. Nh4 Bxc4 36. bxc4 Rb7 37. Nf5+ Nxf5 38. gxf5+ Ng5 39. Ke2 Rab8 40. Rg4 Rb3 41. Rh1 R8b7 42. Rgh4 Ra3 43. Qc1 Rbb3 44. Rxh6 Rxc3 45. Rxf6 Re3+ 46. Kd1 Kxf6 47. Rh6+ Kf7 48. Qb2 Reb3 49. Qxb3 Rxb3 50. Rxd6 Rxf3 51. Rxa6 Rd3+ 52. Ke1 f3 0-1

[Event "Bad Woerishofen op 17th"]
[Site "Bad Woerishofen"]
[Date "2001.??.??"]
[Round "3"]
[White "Wawor, Gerhard"]
[Black "Oud, Niek"]
[Result "1-0"]
[WhiteElo "1887"]
[BlackElo "2170"]
[PlyCount "53"]
[EventDate "2001.03.15"]
[EventType "swiss"]
[EventRounds "9"]
[EventCountry "GER"]
[SourceTitle "CBM 081 Extra"]
[Source "ChessBase"]
[SourceDate "2001.05.06"]
[SourceVersion "1"]
[SourceVersionDate "2001.05.06"]
[SourceQuality "1"]

1. d4 d5 2. Nf3 Nf6 3. c4 e6 4. Bg5 h6 5. Bxf6 Qxf6 6. e3 c6 7. Nc3 Bd6 8. e4 dxe4 9. Nxe4 Bb4+ 10. Nc3 0-0 11. Bd3 Nd7 12. Rc1 Re8 13. 0-0 Bxc3 14. Rxc3 b6 15. Re1 Bb7 16. Be4 Rad8 17. Rce3 e5 18. Qe2 exd4 19. Bh7+ Kxh7 20. Qd3+ g6 21. Rxe8 Rxe8 22. Rxe8 c5 23. Kf1 Kg7 24. b3 Nf8 25. Qe2 Ne6 26. Qe5 Nf4 27. Rg8+ 1-0